[Event "10th LCC FIDE Open 2018"]
[Site "London"]
[Date "2018.12.09"]
[Round "1"]
[White "Prior, Stephen C V"]
[Black "Ghasi, Ameet K"]
[Result "0-1"]
[WhiteElo "2065"]
[BlackElo "2498"]
[Annotator "TA"]
[PlyCount "114"]
[EventDate "2018.12.09"]
[EventType "swiss"]
[EventCountry "ENG"]
[SourceTitle "playchess.com"]
[Source "ChessBase"]
[SourceQuality "1"]

{[%evp 15,114,-37,-37,-29,-15,-19,-14,-19,-33,-33,0,-43,14,0,64,49,53,60,64,22,24,25,26,26,53,4,52,55,66,43,53,35,111,105,97,79,97,95,108,117,109,84,87,57,44,0,0,-202,-197,-566,-245,-243,-241,-236,-239,-243,-235,-327,-316,-325,-320,-518,-509,-522,-513,-837,-486,-516,-435,-458,-454,-448,-440,-456,-413,-615,-614,-608,0,-346,0,-554,-525,-527,-472,-596,-584,-681,-674,-1607,-1372,-1585,-1547,-6467,-6187,-29974,-29976,-29991,-29992,-29994,-29990]} 1. Nf3 Nf6 2. c4 g6 3. b3 Bg7 4. Bb2 O-O 5. g3 d6 6. Bg2 e5 {[%cal Be7e5,Be5e4][%mdl 32]} 7. O-O Nc6 {[%cal Bb8c6,Bc6e5,Be5g4][%mdl 32]} 8. d4 e4 {LiveBook: 11 Games} 9. Nfd2 {E60: King's Indian: Unusual lines and Fianchetto Variation without Nc3} Re8 {Threatening ...e3.} (9... e3 10. fxe3 Re8 11. Na3 Ng4 12. Nc2 Nxe3 13. Nxe3 Rxe3 14. Rf4 Qe7 15. Kf1 g5 16. Re4 Rxe4 17. Nxe4 {1-0 (55) Harikrishna,P (2726)-Aronian,L (2815) Dubai 2014}) 10. d5 $146 ({Predecessor:} 10. Na3 e3 11. fxe3 Ng4 12. Nc2 Nxe3 13. Nxe3 Rxe3 14. Bd5 Re7 15. Nf3 Nb4 16. Qd2 Nxd5 17. cxd5 {0-1 (46) Senthil,M (1910)-Arjun,K (2039) Calicut 2013}) 10... Ne5 11. Na3 {[%cal Bb1a3,Ba3c2,Bc2d4][%mdl 32] The position is equal.} e3 12. fxe3 {[%cal Bf2e3,Be3e4][%mdl 32]} Neg4 13. Nc2 Bf5 (13... Nxe3 $15 14. Nxe3 Rxe3) 14. e4 $1 $36 {[%cal Re4f5][%mdl 2048] White is more active.} Bd7 (14... Nxe4 $11 15. Bxg7 Kxg7 16. Nxe4 Bxe4) 15. h3 $14 Ne5 16. Qe1 h5 17. Nd4 Qc8 18. Kh2 c5 19. dxc6 bxc6 20. Qc1 Qc7 (20... h4 $5) 21. N4f3 Nxf3+ 22. Rxf3 Re6 23. Qc2 {aiming for Raf1.} Rf8 (23... h4 $14) 24. Raf1 $16 {[%cal Rb2f6]} Qd8 25. Bc3 Qe7 26. Qb2 Ne8 27. Bxg7 Nxg7 28. Qd4 c5 29. Qf2 Bc6 30. Rf6 Re5 31. Qf4 $2 (31. Re1 $11 {and White stays safe.}) 31... Ne8 $19 {[%mdl 64] [#] Trapped Piece} 32. Nb1 $2 (32. g4) 32... Nxf6 (32... Qxf6 $2 33. Qxf6 Nxf6 34. Rxf6 $19) (32... Kg7 $142 33. Rxg6+ fxg6 34. Qxf8+ Qxf8 35. Rxf8 Kxf8) 33. Qxf6 Qxf6 ({Don't play} 33... Bxe4 34. Qxe7 Rxe7 35. Nc3) 34. Rxf6 Bxe4 35. Nc3 Bf5 {...Re3 is the strong threat.} 36. Rxd6 Re3 37. Nd5 Rxe2 38. Kg1 $2 (38. g4 hxg4 39. hxg4 Bxg4 40. Nf6+ Kg7 41. Nxg4) 38... Kg7 39. Ra6 Rfe8 40. Nf4 (40. g4 $142 hxg4 41. hxg4 Bxg4 42. Nf6) 40... Re1+ 41. Kf2 R8e7 42. Bf3 Rc1 43. g4 Bc8 44. Ra5 h4 45. Nd5 (45. Bd5 $142 Rc2+ 46. Kf1) 45... Rc2+ 46. Kf1 Rc1+ 47. Kf2 $1 Rc2+ $2 (47... Re5 48. Nf4 Rc2+ 49. Kf1 Re3) 48. Kf1 Re5 49. Rxa7 Be6 50. Nf4 Kh6 51. Ng2 Kg5 52. a4 f5 53. gxf5 Bxf5 54. Kg1 Bxh3 55. Rc7 Bg4 {Black mates.} 56. Bxg4 Kxg4 57. Rxc5 {[#]} Rxg2+ $1 {[%mdl 512] Accuracy: White = 35%, Black = 63%.} 0-1

[Event "10th LCC FIDE Open 2018"]
[Site "London"]
[Date "2018.12.09"]
[Round "1"]
[White "Olarasu, Juliana"]
[Black "Janik, Igor"]
[Result "0-1"]
[WhiteElo "2058"]
[BlackElo "2476"]
[Annotator "TA"]
[PlyCount "66"]
[EventDate "2018.12.09"]
[EventType "swiss"]
[EventCountry "ENG"]
[SourceTitle "playchess.com"]
[Source "ChessBase"]
[SourceQuality "1"]

{[%evp 16,66,2,-16,-4,-33,0,-33,-36,-96,-100,-102,-95,-105,-91,-101,-95,-104,-97,-103,-96,-98,-77,-93,-72,-108,-108,-198,-203,-147,-125,-181,-182,-173,-181,-218,-225,-341,-347,-385,-317,-356,-259,-335,-341,-477,-493,-608,-616,-630,-625,-29984,-29985]} 1. d4 Nf6 2. c4 e6 3. Nf3 b6 4. e3 Bb7 5. Be2 c5 6. Nc3 cxd4 7. exd4 Bb4 8. O-O O-O 9. Qc2 {LiveBook: 8 Games} Nc6 {[%cal Bb8c6,Bc6d4,Bd4f3][%mdl 32] E50: Nimzo-Indian: Rubinstein: 4...0-0 5 Nf3} (9... h6 10. a3 Bxc3 11. Qxc3 Qc7 12. d5 exd5 13. Bxh6 dxc4 14. Nh4 Re8 15. Rfe1 Qe5 16. Qxe5 Rxe5 17. Bf4 {1-0 (32) Manolache,M (2561)-Song,J (2333) Lille 2012}) 10. Bg5 Bxc3 $146 (10... h6 $5 {[%cal Rh6g5]} 11. Bd2 d5 $11) ({Predecessor:} 10... h6 11. Bh4 Rc8 12. Ne4 g5 13. Bg3 d5 14. Nxf6+ Qxf6 15. a3 Be7 16. Be5 {1-0 (16) Szymanski,P-Stegner,D ICCF email 2014}) 11. Qxc3 Ne4 {Black is slightly better.} 12. Qe3 (12. Bxd8 $15 Nxc3 13. bxc3 Rfxd8 14. Rab1) 12... Nxg5 $17 13. Nxg5 {[#]} Nxd4 $1 {[%mdl 512]} 14. Bd3 (14. Qxd4 Qxg5) 14... f5 15. Nxh7 {[#]} Nf3+ $1 {[%mdl 512]} 16. gxf3 Kxh7 17. f4 Rf6 {[%cal Bf8f6,Bf6h6,Bh6h4,Bh4f4][%mdl 32]} 18. f3 Rh6 19. Rf2 Qf6 20. Qe5 Rh4 21. Raf1 (21. Rd1 $17 {keeps fighting.} Rf8 22. Kh1) 21... Qh6 $1 $19 22. Rg2 Rxf4 23. Rg3 (23. Be2 $17 {was necessary.}) 23... Rh4 24. Rf2 {[#]} Rg8 $1 {[%cal Ba8g8,Bg8g7,Bg7c7][%mdl 32]} 25. Rfg2 g6 26. Qd6 (26. Bf1 $142) 26... Qe3+ {[%mdl 64] Double Attack} 27. Kh1 {Black must now prevent Qe7+.} Rg7 28. Be2 {intending Rxg6!} Rh6 ({Don't blunder} 28... f4 $2 {[#]} 29. Rxg6 $1 {[%mdl 512]} Qc1+ 30. Rg1 $18) 29. Qd1 d5 30. f4 Qxf4 31. cxd5 Bxd5 32. Bf3 Rc7 {...Rc1 is the strong threat.} 33. Rd2 Qxg3 {Accuracy: White = 25%, Black = 76%.} 0-1

[Event "10th LCC FIDE Open 2018"]
[Site "London"]
[Date "2018.12.09"]
[Round "1"]
[White "Olarasu, Iuliana"]
[Black "Janik, Igor"]
[Result "0-1"]
[WhiteElo "2058"]
[BlackElo "2476"]
[Annotator "TA"]
[PlyCount "66"]
[EventDate "2018.12.09"]
[EventType "swiss"]
[EventCountry "ENG"]
[SourceTitle "playchess.com"]
[Source "ChessBase"]
[SourceQuality "1"]

{[%evp 16,66,2,-23,-2,-8,-13,-36,-44,-90,-91,-98,-92,-94,-93,-101,-111,-94,-82,-112,-87,-87,-89,-92,-75,-82,-64,-176,-176,-187,-120,-191,-181,-178,-183,-200,-206,-322,-323,-330,-321,-334,-272,-331,-314,-475,-466,-625,-617,-579,-602,-5400,-5385]} 1. d4 Nf6 2. c4 e6 3. Nf3 b6 4. e3 Bb7 5. Be2 c5 6. Nc3 cxd4 7. exd4 Bb4 8. O-O O-O 9. Qc2 {LiveBook: 7 Games} Nc6 {[%cal Bb8c6,Bc6d4,Bd4f3][%mdl 32] E50: Nimzo-Indian: Rubinstein: 4...0-0 5 Nf3} (9... h6 10. a3 Bxc3 11. Qxc3 Qc7 12. d5 exd5 13. Bxh6 dxc4 14. Nh4 Re8 15. Rfe1 Qe5 16. Qxe5 Rxe5 17. Bf4 {1-0 (32) Manolache,M (2561)-Song,J (2333) Lille 2012}) 10. Bg5 Bxc3 $146 ({Predecessor:} 10... Be7 11. a3 Rc8 12. b4 h6 13. Bc1 a5 14. b5 Nb8 15. Qb3 Qc7 16. Na4 {0-1 (37) Zezelj,V (2184)-Biliskov,V (2325) Zadar 2004}) 11. Qxc3 Ne4 {Black is slightly better.} 12. Qe3 Nxg5 13. Nxg5 {[#]} Nxd4 $1 {[%mdl 512]} 14. Bd3 (14. Qxd4 Qxg5) 14... f5 15. Nxh7 {[#]} Nf3+ $1 {[%mdl 512]} 16. gxf3 Kxh7 17. f4 Rf6 18. f3 Rh6 19. Rf2 Qf6 20. Qe5 Rh4 21. Raf1 (21. Rd1 $15) 21... Qh6 $1 $19 22. Rg2 {[#]} Rxf4 (22... Rg8 $1 $19 23. Qc7 Bc6) 23. Rg3 (23. Be2 $17) 23... Rh4 24. Rf2 {[#]} Rg8 $1 {[%cal Ba8g8,Bg8g7,Bg7c7][%mdl 32]} 25. Rfg2 g6 26. Qd6 (26. Be2 $142) 26... Qe3+ 27. Kh1 {Qe7+ is the strong threat.} Rg7 28. Be2 Rh6 29. Qd1 d5 30. f4 (30. cxd5 {was called for.} Rc7 31. Rg1 exd5 32. Rf1) 30... Qxf4 {Black is clearly winning.} 31. cxd5 Bxd5 32. Bf3 Rc7 {Hoping for ...Rc1.} 33. Rd2 Qxg3 {Precision: White = 30%, Black = 71%.} 0-1

[Event "10th LCC FIDE Open 2018"]
[Site "London"]
[Date "2018.12.09"]
[Round "1"]
[White "Flear, Christine"]
[Black "Arkell, Keith C"]
[Result "0-1"]
[WhiteElo "2055"]
[BlackElo "2453"]
[Annotator "TA"]
[PlyCount "86"]
[EventDate "2018.12.09"]
[EventType "swiss"]
[EventCountry "ENG"]
[SourceTitle "playchess.com"]
[Source "ChessBase"]
[SourceQuality "1"]

{[%evp 19,86,5,16,24,31,31,20,8,27,16,56,18,23,6,16,5,5,5,29,0,0,0,0,0,0,0,0,0,0,0,0,-9,0,-11,0,-17,-5,-11,0,-6,0,-22,-12,-26,-17,-15,-25,-102,-102,-287,-296,-295,-287,-562,-553,-843,-836,-798,-783,-29990,-834,-1063,-964,-1120,-780,-1120,-1095,-1095,-1087]} 1. d4 Nf6 2. c4 e6 3. Nf3 b6 4. g3 Ba6 5. b3 b5 6. cxb5 Bxb5 7. Bg2 c5 8. O-O Bc6 9. Bb2 {E15: Queen's Indian: 4 g3 sidelines, 4 g3 Ba6 and 4 g3 Bb7 early deviations} (9. Ba3 Na6 10. Nbd2 Be7 11. dxc5 Bxc5 12. Bxc5 Nxc5 13. Rc1 Nb7 14. e4 O-O 15. Nd4 Rc8 16. Nxc6 dxc6 17. Qe2 Qc7 18. Rc2 Rfd8 {1-0 (50) Kramnik,V (2772)-Ivanchuk,V (2717) Monte Carlo 2001}) 9... Be7 10. Nbd2 cxd4 $1 {LiveBook: 3 Games} 11. Nxd4 {The position is equal.} Bxg2 12. Kxg2 O-O 13. e4 $146 ({Predecessor:} 13. Rc1 a5 14. a4 Na6 15. Nc4 Nb4 16. f3 Ra6 {1-0 (24) Naumkin,I (2450)-Arkell,K (2460) London 1993}) 13... Qb6 14. Qe2 Nc6 15. Nxc6 (15. Nc4 $5 {[%cal Rc4b6]} Qa6 16. Nxc6 Qxc6 17. Rad1 $14) 15... Qxc6 16. Rfc1 Qb7 17. Qf3 d5 18. exd5 Qxd5 (18... Nxd5 {looks sharper.} 19. Rc4 Rac8 20. Rd1 Rfd8 21. Kg1 Rxc4 22. Nxc4 Qa6) 19. Qxd5 Nxd5 20. Ne4 a5 21. Bd4 Rfd8 22. Bc5 Bxc5 23. Nxc5 g5 24. Rc4 Kg7 25. h3 Kg6 26. a3 Nb6 27. Rc2 Rd5 28. Rb1 Rc8 29. Rbc1 Rd4 30. Kf3 Rcd8 31. Ke2 h5 32. Nb7 R8d5 33. Rc6 (33. Rc5 $11) 33... Nd7 $17 34. Ra6 $2 {[#]} (34. R6c2 $17 {was necessary.}) 34... Rd2+ $1 $19 35. Ke1 Rb2 36. Rxa5 $2 {[#]} (36. Rd6 Re5+ 37. Kf1) 36... Rdd2 $1 {[%cal Rd2f2]} 37. Kf1 Rxf2+ 38. Kg1 Rg2+ {[%mdl 64] Double Attack} 39. Kf1 Nf6 (39... Rbf2+ $142 40. Ke1 Rh2 41. Rd1 Rb2 42. Rd2 Rhxd2 43. Rxg5+ Kxg5 44. Nd6 Nc5 45. Nxf7+ Kf6 46. Ne5 Kxe5 47. h4 Nd3+ 48. Kf1 Rd1#) 40. Nd6 {Black is clearly winning.} Nd5 41. Nc4 Rbf2+ 42. Ke1 Rh2 43. Rc5 Ra2 {Accuracy: White = 33%, Black = 51%.} 0-1

[Event "10th LCC FIDE Open 2018"]
[Site "London"]
[Date "2018.12.09"]
[Round "1"]
[White "Grigoryan, Meri"]
[Black "Wang, Kevin"]
[Result "0-1"]
[WhiteElo "2054"]
[BlackElo "2449"]
[Annotator "TA"]
[PlyCount "67"]
[EventDate "2018.12.09"]
[EventType "swiss"]
[EventCountry "ENG"]
[SourceTitle "playchess.com"]
[Source "ChessBase"]
[SourceQuality "1"]

{[%evp 13,67,0,6,0,17,-17,19,16,29,0,8,0,-16,-54,-31,-60,-1,-10,-21,-50,-42,-60,-45,-52,-55,-116,0,0,137,-35,-33,-49,-58,-97,0,0,0,-91,-45,-38,-36,-31,2,-135,-165,-208,-201,-570,-566,-761,-756,-727,-701,-1259,-1240,-1764]} 1. d4 d5 2. Nf3 Nf6 3. c4 e6 4. Bg5 dxc4 5. e3 a6 6. a4 {D30: Queen's Gambit Declined: Systems without Nc3} c5 7. Nc3 cxd4 {LiveBook: 3 Games} 8. Qxd4 $146 {The position is equal.} ({Predecessor:} 8. exd4 Nc6 9. Bxc4 Be7 10. O-O O-O 11. Re1 Bd7 12. Qe2 Rc8 13. Rad1 Nd5 14. Bxd5 Bxg5 15. Be4 Bh6 16. d5 exd5 17. Rxd5 g6 18. Red1 Rc7 19. Rd6 Bf4 20. R6d3 {1-0 (41) Wang,H (2680)-Volokitin,A (2668) Calimanesti Caciulata 2016}) 8... Nbd7 9. Bxf6 (9. Bxc4 {is interesting.} h6 10. Bf4 Bc5 11. Qd3 b6 12. O-O) 9... gxf6 {[%cal Bg7f6,Bf6f5][%mdl 32]} 10. Bxc4 Bg7 11. Qg4 O-O 12. Rd1 f5 13. Qg3 Qb6 14. Rd2 Qb4 (14... Nc5 $1 $15) 15. Be2 Nc5 16. O-O Bd7 17. Ne5 Be8 18. Bf3 Rc8 19. Rfd1 (19. Rb1 $15) 19... Nb3 ({Better is} 19... Nxa4 $17 20. Nd3 Qe7) 20. Rd6 $11 {Nd3 is the strong threat.} Kh8 (20... Nc1 $11 21. R1d2 Kh8) 21. Qf4 $2 (21. Nd3 $16 Qa5 22. Bxb7 {[%mdl 64] Double Attack}) 21... a5 $15 22. h4 Nc5 23. R1d2 {[#]} Nb3 (23... Qxf4 $1 $17 24. exf4 Bxe5 25. fxe5 Bxa4) 24. Rd1 $11 h6 25. Kh2 (25. Qg3 $11) 25... Kh7 26. g3 Nc5 $36 {[%mdl 2048] White is under pressure.} 27. R1d2 Rg8 28. Bh5 (28. e4 $11 {remains equal.}) 28... f6 $17 {[%cal Bf7f6,Bf6e5,Be5e4][%mdl 96] [#] Discovered Attack} 29. Bxe8 {White threatens Bg6+ and mate.} fxe5 30. Bg6+ $2 (30. Qxb4 axb4 31. Bf7) 30... Kxg6 $19 {Black is clearly winning.} 31. h5+ Kh7 32. Qf3 e4 33. Qf4 Nd3 {[%mdl 64] Double Attack} 34. Qh4 {Accuracy: White = 18%, Black = 43%.} 0-1

[Event "10th LCC FIDE Open 2018"]
[Site "London"]
[Date "2018.12.09"]
[Round "1"]
[White "Bin-Suhayl, Ieysaa"]
[Black "Akash Pc, Iyer"]
[Result "1/2-1/2"]
[WhiteElo "2038"]
[BlackElo "2441"]
[Annotator "TA"]
[PlyCount "119"]
[EventDate "2018.12.09"]
[EventType "swiss"]
[EventCountry "ENG"]
[SourceTitle "playchess.com"]
[Source "ChessBase"]
[SourceQuality "1"]

{[%evp 14,119,22,0,54,37,53,52,47,41,39,19,37,45,38,25,49,47,71,64,95,85,86,76,84,77,78,77,79,49,85,66,60,65,64,58,101,104,132,139,162,146,147,140,137,130,142,139,255,255,408,203,433,126,326,238,508,390,343,387,349,369,392,0,0,0,194,187,217,117,102,122,100,49,52,33,184,184,184,184,184,184,184,184,208,168,168,168,168,168,168,168,271,179,172,150,150,151,210,159,141,0,0,0,170,0,0,0]} 1. Nf3 c5 2. c4 d6 3. g3 e5 4. Nc3 Nf6 5. d3 Be7 6. Bg2 O-O 7. O-O Nc6 8. Bg5 {LiveBook: 6 Games. A34: Symmetrical English: 2 Nc3, lines with ...d5} (8. a3 a5 9. Bg5 Ne8 10. Bd2 Nc7 11. Ne1 Be6 12. Nd5 Rb8 13. Rb1 Bd7 14. Nb6 Bg4 15. Nc2 Ne6 16. Nd5 {½-½ (42) Bacrot,E (2705)-Fressinet,L (2702) Villandry 2012}) 8... g6 $146 (8... Be6 $11) ({Predecessor:} 8... Be6 9. a3 Qd7 10. Rb1 a6 11. b4 cxb4 12. axb4 b5 13. cxb5 axb5 14. d4 e4 15. d5 Nxd5 16. Nxd5 exf3 17. Nxe7+ Nxe7 {½-½ (17) Matyukhin,S (2503)-Churkin,M (2493) ICCF email 2013}) 9. Ne1 {[%cal Bf3e1,Be1c2,Bc2e3,Be3d5][%mdl 32]} Kg7 10. Nc2 {White is slightly better.} h6 11. Bxf6+ Bxf6 12. Ne3 h5 13. Ned5 h4 14. a3 Rh8 15. b4 cxb4 16. axb4 hxg3 17. fxg3 Bg5 18. e3 Be6 19. Qf3 f5 20. Rfe1 Rf8 21. Ra3 Rf7 22. Rea1 Rc8 23. Qe2 a6 24. b5 {[%cal Bb4b5,Bb5b6][%mdl 32]} Nb8 25. b6 Bd7 26. Nc7 $1 Nc6 27. Bxc6 $1 bxc6 28. Rxa6 Rxc7 29. bxc7 Qxc7 30. Rb1 Kh7 (30... Bc8 $16 31. Ra2 Rf8) 31. Ra8 $18 Bh6 (31... Be6 {keeps fighting.} 32. Rbb8 Kh6) 32. Qf3 (32. Rbb8 $142 Bg7 33. Qf1) 32... Bg7 $2 (32... Rf8 33. Rxf8 Bxf8) 33. Na4 $2 (33. g4 $18 {has better winning chances.} Bc8 34. Qh3+ Kg8 35. gxf5) 33... f4 $2 (33... Bc8 $16 {was called for.} 34. Nb6 Bb7) 34. g4 ({Not} 34. exf4 exf4 35. g4 (35. gxf4 d5 $14) 35... Kh6 $18) 34... Kh6 $2 (34... Bf8 {was necessary.} 35. Nc3 d5 36. cxd5 cxd5) 35. Nc3 {White threatens Qh3+ and mate.} d5 36. cxd5 cxd5 37. Nxd5 Qc2 38. Qd1 $2 (38. Rba1 $18) 38... Qc5 $1 $11 {[%cal Rc5d5]} 39. Qf3 {Hoping for d4.} Be6 $2 (39... Qc2 $11 {and Black has nothing to worry.} 40. Rba1 Bf8) 40. Rd8 $18 {And now d4 would win.} Kg5 41. d4 ({Don't play} 41. h4+ Kxh4 42. Qf2+ Kh3) ({White should play} 41. h3 $18) 41... Qc2 $16 42. Rf1 {[%cal Re3f4]} Bxg4 {[#]} 43. Qg2 ({Much worse is} 43. exf4+ $6 exf4 44. Ne3 Bxf3 $14) ({Better is} 43. Qf2 $1 $16 {[%cal Rf2c2]} Qxf2+ 44. Rxf2) 43... Qxg2+ $14 44. Kxg2 f3+ $2 (44... Be2 $14 45. Re1 f3+ 46. Kf2 exd4) 45. Kg3 $18 Bh5 46. Nc3 exd4 47. Ne4+ Kh6 48. exd4 Re7 49. Nd2 Re3 50. Nxf3 Rd3 51. d5 Be5+ 52. Kg2 Bf4 (52... Bc7 $142) 53. Ne1 Rd4 54. Nc2 Rc4 55. Rf2 Bg5 (55... Bg4 $16 {is a better defense.} 56. Rxf4 Rxf4) 56. Rb8 Bh4 57. Rd2 Bg5 $1 {[%cal Rg5d2]} 58. Rf2 {Strongly threatening d6.} Bh4 $1 {[%cal Rh4f2] [#]} 59. Rd2 $2 (59. Rb4 $1 $18 {[%cal Rb4c4]} Rxb4 60. Nxb4 Bxf2 61. Kxf2) 59... Bg5 $1 $11 {[%cal Rg5d2]} 60. Rf2 {Accuracy: White = 46%, Black = 39%.} 1/2-1/2

[Event "10th LCC FIDE Open 2018"]
[Site "London"]
[Date "2018.12.09"]
[Round "1"]
[White "Marentini, Marcel"]
[Black "Zhou, Yang-Fan"]
[Result "1/2-1/2"]
[WhiteElo "2030"]
[BlackElo "2434"]
[Annotator "TA"]
[PlyCount "140"]
[EventDate "2018.12.09"]
[EventType "swiss"]
[EventCountry "ENG"]
[SourceTitle "playchess.com"]
[Source "ChessBase"]
[SourceQuality "1"]

{[%evp 13,140,7,37,13,11,0,16,5,6,-6,0,-2,-2,-12,-8,-7,-7,-14,0,0,-8,-10,20,22,22,12,71,69,60,43,100,95,97,96,72,25,14,12,19,19,25,0,0,0,0,0,0,-60,-46,-98,0,-628,-586,-602,-603,-575,-526,-473,-361,-802,-773,-1252,-431,-544,-549,-482,-482,-596,-568,-489,-396,-370,0,0,0,0,0,-357,-350,-342,13,0,0,0,0,0,9,0,0,0,0,-8,0,-8,0,0,0,0,0,0,0,0,0,-8,0,-8,-8,-8,-8,-925,-576,-1135,-715,-1194,-1176,-1133,-451,-436,-411,-324,0,0,12,12,18,16,16,16,16]} 1. Nf3 Nf6 2. c4 b6 3. g3 Bb7 4. Bg2 g6 5. b3 Bg7 6. Bb2 O-O 7. O-O d6 {LiveBook: 30 Games. A15: English Opening: 1...Nf6} (7... e6 8. d4 d6 9. Nc3 Ne4 10. Qc2 Nxc3 11. Bxc3 Nd7 12. e4 a6 13. Rad1 Qe7 14. Rfe1 b5 15. d5 e5 16. cxb5 axb5 17. Bb4 {1-0 (72) Malakhov,V (2661)-Rakhmanov,A (2634) Sochi 2018}) 8. d3 e5 9. Nc3 c5 10. a3 $146 ({Predecessor:} 10. e4 Ng4 11. Ne1 f5 12. exf5 Bxg2 13. Nxg2 gxf5 14. Ne3 Nh6 15. Qf3 {½-½ (26) Shen,S (2368)-Kislik,E (2339) Budapest 2009}) 10... Nc6 11. Ne1 Rb8 12. Nc2 Nd4 13. Ne3 Bxg2 14. Kxg2 b5 15. Rb1 Rb7 16. Ned5 Nxd5 17. Nxd5 f5 18. Bxd4 cxd4 19. a4 bxc4 (19... b4 $1 $11 {keeps the balance.}) 20. bxc4 $16 Rbf7 21. Rb5 f4 ({Better is} 21... h5 $14) 22. f3 h5 23. Qe1 g5 24. Qa5 Qd7 25. gxf4 exf4 26. Rfb1 Qe6 27. Qd2 g4 28. Rb8 Rxb8 29. Rxb8+ Kh7 30. Rb1 (30. Kh1 $11) 30... Be5 $15 31. Kh1 (31. Rg1 $1 $15) 31... g3 (31... h4 $17) 32. Rg1 $2 {[%mdl 8192]} (32. Kg2 $11) 32... h4 33. Qa5 Qh3 {[%csl Gg3][%cal Rh3h2]} 34. Rg2 Rb7 35. Qe1 Qd7 36. hxg3 $2 (36. Rg1 Qh3 37. Rg2) 36... hxg3 $19 37. Qc1 Qxa4 (37... Qh3+ $142 38. Kg1 Kg8) 38. Nxf4 Qa2 $1 {Hoping for ...Rb1.} 39. Rg1 Rf7 40. Ne6 {Black must now prevent Ng5+.} Qxe2 {[%csl Ge5,Gg3][%cal Re2h2]} 41. Rg2 Qxd3 42. Ng5+ Kg6 $2 (42... Kg7 $1 $19 43. Nxf7 Bf4 44. Rxg3+ (44. Qxf4 $2 Qf1+ 45. Rg1 Qh3#) 44... Bxg3) 43. Nxf7 $11 Kxf7 {[%mdl 4096] Endgame KQR-KQB} (43... Bf4 $5 44. Qc2 $8 (44. Qxf4 $2 {leads to mate.} Qf1+ 45. Rg1 Qh3#) (44. Nh8+ Kg7 $19 {[%mdl 64] Trapped Piece}) 44... Qxc2 45. Rxc2 d3 46. Ne5+ dxe5 $11) 44. f4 Bf6 45. Kg1 $2 {[%mdl 8192]} (45. Qe1 $1 $11 {and White has nothing to worry.}) 45... Qf3 $19 46. Qe1 {[#]} Bh4 $2 ({Worse is} 46... Qxf4 47. Qxg3 Qc1+ 48. Kf2 $11) (46... d3 $1 $19 47. Qxg3 Bd4+ 48. Kh2 Qe4) 47. Qe2 Qxf4 48. Qh5+ $1 Kg7 {( -> ...Qc1+)} 49. Ra2 Be7 50. Re2 Bf6 {And now ...d3 would win.} (50... Bg5 $5 51. Kg2 $8 d3 $11) 51. Qd5 Be5 52. Kg2 Qh4 53. Kg1 d3 54. Qxd3 Kf6 55. Qf3+ Kg5 56. Re4 Qh2+ 57. Kf1 {White threatens Rg4+ and mate.} Qh3+ 58. Qg2 Qf5+ 59. Ke2 a5 {[%cal Ba7a5,Ba5a4,Ba4a3][%mdl 32]} 60. Qf3 a4 61. Qe3+ $2 {[%mdl 8192]} (61. c5 $11) 61... Bf4 62. Qd4 a3 63. Qg7+ Kh5 64. Re8 Qg4+ (64... Qc2+ $142 65. Kf3 Qf2+ 66. Ke4 Bh6) 65. Qxg4+ Kxg4 {KR-KB} 66. Rg8+ {[#]} Kf5 $2 (66... Kh3 $1 $19 {Threatens to win with ...Be5.} 67. Rh8+ Kg2) 67. Kf3 $11 {The position is equal.} Be5 {...a2 is the strong threat.} 68. Ra8 g2 69. Kxg2 {Strongly threatening Kf3.} Ke4 70. Rxa3 Kd4 {Accuracy: White = 48%, Black = 46%.} 1/2-1/2

[Event "10th LCC FIDE Open 2018"]
[Site "London"]
[Date "2018.12.09"]
[Round "1"]
[White "Kromhout, Ewan"]
[Black "Pert, Richard G"]
[Result "0-1"]
[WhiteElo "2019"]
[BlackElo "2416"]
[Annotator "TA"]
[PlyCount "82"]
[EventDate "2018.12.09"]
[EventType "swiss"]
[EventCountry "ENG"]
[SourceTitle "playchess.com"]
[Source "ChessBase"]
[SourceQuality "1"]

{[%evp 17,82,0,0,-7,32,0,20,22,12,22,33,37,45,29,35,40,43,-21,10,3,25,4,0,-22,30,11,72,39,73,58,71,68,86,72,65,52,84,63,156,55,51,0,142,0,124,123,117,0,80,-63,-53,-69,-86,-192,-189,-664,-634,-646,-638,-815,-804,-926,-859,-29987,-29988,-29988,-29988]} 1. d4 e6 2. Nf3 f5 3. c4 Nf6 4. Nc3 Bb4 5. e3 O-O 6. Be2 b6 7. O-O Bb7 8. Qb3 Bxc3 9. bxc3 Ne4 10. a4 {E43: Nimzo-Indian: Rubinstein: 4...b6} Rf6 11. Nd2 Ng5 $146 ({Predecessor:} 11... Rh6 12. Nxe4 Qh4 13. h3 Bxe4 14. f3 Bb7 15. e4 Rg6 16. exf5 exf5 17. c5+ Kh8 18. cxb6 axb6 {0-1 (56) Zanetti,B (2030)-Baert,A (2154) Caleta 2013}) 12. d5 {The position is equal.} Na6 13. Ba3 Rb8 14. f4 Nf7 $1 15. Rad1 Nc5 16. Bxc5 bxc5 17. Qa3 (17. Qb5 $14) 17... Qe7 18. e4 exd5 19. e5 Rh6 20. Nf3 dxc4 (20... d6 $142) 21. Bxc4 $11 {[#] And now Ng5 would win.} Bxf3 (21... Ba6 $11 22. Bb5 Rd8) 22. Rxf3 $16 Kf8 23. Qa2 {[%mdl 1024] White has strong compensation.} d6 24. Rfd3 Rd8 25. Qd2 Re8 26. g3 Rg6 27. Qg2 Rd8 ({Better is} 27... Rh6 $14) 28. Qh3 (28. Qf3 $16) 28... Nh6 $14 29. Qg2 (29. Qh5 $14) 29... Nf7 $1 $16 30. Qd2 (30. Qf3 $16) 30... h5 (30... Re8 $1 $11 {keeps the balance.}) 31. Qe2 Rh6 32. Qd2 (32. Qf3 $16) 32... h4 (32... Rg6 $11) 33. Kg2 ({White should play} 33. g4 $16) 33... hxg3 $15 34. hxg3 c6 $1 35. e6 (35. Bxf7 $17 Kxf7 36. Qc1) 35... d5 $19 {[%cal Bd6d5,Bd5c4][%mdl 32]} 36. Re1 $2 (36. exf7 Qe4+ {[%mdl 64] Double Attack} 37. Rf3 Qxc4 38. Rb1) 36... dxc4 37. Rxd8+ Nxd8 38. Rd1 Nxe6 {White must now prevent ...Nd4!} 39. Re1 Kg8 40. Qc2 {[#]} Nxf4+ $1 {[%mdl 64] Discovered Attack} 41. gxf4 Qxe1 {Accuracy: White = 21%, Black = 31%.} 0-1